Top 10 Countries That Watches TV the Most - Statistics

General Stats
  • This quiz has been taken 53 times
  • The average score is 8 of 10
Answer Stats
Average Time Spent Watching TV (Daily Minutes) Answer % Correct
212 United Kingdom
98%
270 United States
98%
223 France
87%
262 Japan
87%
248 Italy
84%
223 Germany
82%
233 Spain
82%
248 Russia
71%
264 Poland
58%
254 Brazil
56%
No matching quizzes found
Score Distribution
Percent of People with Each Score
Percentile by Number Answered
Your Score History
You have not taken this quiz